El tránsito atormentado de Elías Sánchez Rubio / (Registro nro. 17790)
[ vista simple ]
| 000 -CABECERA | |
|---|---|
| campo de control de longitud fija | 00741cam a2200205 a 4500 |
| 001 - NÚMERO DE CONTROL | |
| campo de control | 000018269 |
| 005 - FECHA Y HORA DE LA ÚLTIMA TRANSACCIÓN | |
| campo de control | 20200929165429.0 |
| 008 - DATOS DE LONGITUD FIJA--INFORMACIÓN GENERAL | |
| campo de control de longitud fija | 790122s1978 ve s000 0 spa |
| 035 ## - NÚMERO DE CONTROL DEL SISTEMA | |
| Número de control de sistema | (DLC) 78109939 |
| 040 ## - FUENTE DE LA CATALOGACIÓN | |
| Centro catalogador/agencia de origen | DO-SdBNP |
| Lengua de catalogación | spa |
| Centro/agencia transcriptor | DLC |
| Centro/agencia modificador | DLC |
| -- | BNPHU |
| 082 ## - NÚMERO DE LA CLASIFICACIÓN DECIMAL DEWEY | |
| Número de clasificación | NN |
| Número de documento/Ítem | B198t |
| 049 ## - FONDOS LOCALES (OCLC) | |
| Fondos de biblioteca | BNGR |
| 100 1# - ENTRADA PRINCIPAL--NOMBRE DE PERSONA | |
| Nombre de persona | Balza Donatti, Camilo, |
| Fechas asociadas al nombre | 1927- |
| 9 (RLIN) | 39566 |
| 245 13 - MENCIÓN DE TÍTULO | |
| Título | El tránsito atormentado de Elías Sánchez Rubio / |
| Mención de responsabilidad, etc. | Camilo Balza Donatii. |
| 260 ## - PUBLICACIÓN, DISTRIBUCIÓN, ETC. | |
| Lugar de publicación, distribución, etc. | [Maracaibo] : |
| Nombre del editor, distribuidor, etc. | Gobernación del Estado Zulia ; |
| -- | Instituto Zuliano de la Cultura Andrés Eloy Blanco, |
| Fecha de publicación, distribución, etc. | [1978]. |
| 300 ## - DESCRIPCIÓN FÍSICA | |
| Extensión | 71 p. ; |
| Dimensiones | 23 cm. |
| 600 20 - PUNTO DE ACCESO ADICIONAL DE MATERIA--NOMBRE DE PERSONA | |
| Nombre de persona | Sánchez Rubio, Elías. |
| 9 (RLIN) | 39567 |
| 650 #0 - PUNTO DE ACCESO ADICIONAL DE MATERIA--TÉRMINO DE MATERIA | |
| Término de materia o nombre geográfico como elemento de entrada | Authors, venezuelan |
| Subdivisión cronológica | 20th century |
| Subdivisión general | Biography. |
| 9 (RLIN) | 39568 |
| 910 ## - DATOS DE OPCIÓN DEL USUARIO (OCLC) | |
| Datos de opción del usuario | Catalogación derivada |
| Estado de retiro | Estado de pérdida | Restricciones de uso | No para préstamo | Código de colección | Localización permanente | Ubicación/localización actual | Ubicación en estantería | Fecha de adquisición | Número de inventario | Total de préstamos | Signatura topográfica completa | Código de barras | Fecha visto por última vez | Precio válido a partir de | Tipo de ítem Koha |
|---|---|---|---|---|---|---|---|---|---|---|---|---|---|---|---|
| Monografías: Libros y Folletos | General | General | En catalogación | 22.04.2010 | LF1 | NN B198t | 18269-10 | 25.06.2020 | 25.06.2020 | Préstamo en sala |
